| 000 | 01079cam a22002294a 4500 | ||
|---|---|---|---|
| 005 | 20250605164021.0 | ||
| 008 | 250528s ||||||||||||||||||||||||d | ||
| 035 | _a16345 | ||
| 020 | _a3822876275 | ||
| 040 |
_aGR-AtMCL _bgre _dGR-AtMCL _eAACR2 |
||
| 245 | 1 | _aBauhaus / 1919-1933 | |
| 260 | _c1998 | ||
| 300 | _a258 | ||
| 505 | 0 | _aPreface, On the Origins of the Bauhaus, Weimar Bauhaus and the Expressionist Bauhaus, Art and Technology - A New Unity, Dessau Bauhaus: Institute of Design, Hannes Meyer: Necessities and not Luxuries, Mies Van Der Rohe: The Bauhaus Becomes a School of Architecture, Appendix. | |
| 520 | _aPreface, On the Origins of the Bauhaus, Weimar Bauhaus and the Expressionist Bauhaus, Art and Technology - A New Unity, Dessau Bauhaus: Institute of Design, Hannes Meyer: Necessities and not Luxuries, Mies Van Der Rohe: The Bauhaus Becomes a School of Architecture, Appendix. | ||
| 700 | 1 |
_aBauhaus Archiv _92437 |
|
| 700 | 1 |
_aBenedikt, Taschen _92401 |
|
| 700 | 1 |
_aDroste Magdalena _92438 |
|
| 942 | _cBK | ||
| 999 |
_c1856 _d1856 |
||